Pilotos de Formula Meh - Estadísticas

Estadísticas generales
  • Esta prueba ha sido intentada 5 veces
  • La puntuación promedio es 18 de 40
Estadísticas de respuestas
Último equipo Piloto % Correcto
Ferrari Julian Tapia
100%
Aston Martin Adrián López
67%
Adrien Navaro
67%
Ferrari Alex Hernández
67%
Mercedes Alonso Delao
67%
Haas Andrés Vidrio
67%
Haas Bjorn Colo
67%
McLaren Cristian García
67%
Alpha Tauri Diego Osorio
67%
Alpine Edgar Pichardo
67%
Red Bull Gabriel Herrero
67%
Ferrari Geray Mota
67%
Alfa Romeo/Sauber Gustavo de la Guia
67%
Alpine Héctor Hernández
67%
Alpine Héctor Ramos
67%
Alpha Tauri Leonardo Rivas
67%
McLaren Mateo Gorostieta
67%
Haas Mauricio Ferreyra
67%
Williams Max Zaragoza
67%
Red Bull Santiago Jara
67%
McLaren Tomas Covacich
67%
Ferrari Vicente Alvite
67%
Mercedes Xavier Da Silva
67%
Williams Yahir Contreras
67%
Haas Joseph Olvera
33%
Williams Kenny Trueba
33%
Alpine Logan Loomis
33%
Mercedes Maximo Segafredo
33%
Alfa Romeo/Sauber Rubén Ravagnotti
33%
Red Bull Sasuke Uchiha
33%
Williams Darío Aguirre
0%
Ferrari Diaz-Jorge
0%
Haas Erik Gonzalez
0%
Haas Isaac Martínez
0%
Mercedes Jair Ortiz
0%
McLaren Javier Pintado
0%
Aston Martin Juan Bojorquez
0%
Ferrari Julio Alcalá
0%
Mercedes Pau Vercher
0%
Alpha Tauri Roberto Dueñas
0%
No se encontraron pruebas coincidentes
Distribución de puntuación
Porcentaje de gente con cada puntuación
Porcentaje por número respondido
Historial de tus puntuaciones
No has intentado esta prueba.